| 000 | 00717nam a2200157Ia 4500 | ||
|---|---|---|---|
| 008 | 210323s9999||||xx |||||||||||||| ||und|| | ||
| 040 | _cSTCPL | ||
| 041 | _hMAL | ||
| 082 |
_a530 _bRAM-P |
||
| 100 | _aCma-Ir-JvwⳠMb〠B〠| ||
| 245 | 0 |
_aPolytechnic bhuthikam _hപോളിടെക്നിക് ഭൗതികം |
|
| 260 |
_aThiruvananthapuram _bKerala Bhasha Institute _c2000 |
||
| 300 | _a187P,20CM | ||
| 650 | _aPhysicsഅണുഘടന, അണുവിന്റെ ഇലക്ട്രോണിക ഘടന, രാസബന്ധം : അയോണിക യൗഗികങ്ങള്, രാസബന്ധം : സഹസംയോജക യൗഗികങ്ങള് | ||
| 942 | _cBK | ||
| 999 |
_c31249 _d31249 |
||